1492 : un monde nouveau? /
Salvato in:
| Autore principale: | |
|---|---|
| Altri autori: | |
| Natura: | Libro |
| Lingua: | French |
| Pubblicazione: |
Paris :
Perrin,
c1991.
|
| Serie: | Colecction Tempus
512 |
| Soggetti: | |
| Tags: |
Aggiungi Tag
Nessun Tag, puoi essere il primo ad aggiungerne!!
|
MARC
| LEADER | 00000nam a2200000 a 4500 | ||
|---|---|---|---|
| 001 | 3444025 | ||
| 005 | 20160114144841.0 | ||
| 008 | 911203s1991 fr a b 001 0 fre | ||
| 020 | |a 2262007527 : | ||
| 040 | |a DLC |c DLC |d CIICLA - UCR | ||
| 082 | 0 | 0 | |a 940.21 |2 20 |b M741m |
| 100 | 1 | |a Bennassar, Bartolomé. | |
| 245 | 1 | 0 | |a 1492 : |b un monde nouveau? / |c Bartolomé Bennassar, Lucile Bennassar. |
| 260 | |a Paris : |b Perrin, |c c1991. | ||
| 300 | |a 273 páginas : |b ilustraciones ; |c 23 centímetros. | ||
| 490 | 1 | |a Colecction Tempus |v 512 | |
| 504 | |a Incluye referencias bibliográficas (páginas [259]-261) e índice. | ||
| 650 | 1 | 4 | |a RENACIMIENTO |
| 651 | 0 | |a EUROPA |x HISTORIA |y SIGLO XV | |
| 700 | 1 | |a Bennassar, Lucile. | |
| 942 | |2 ddc |c BK | ||
| 999 | |c 4553 |d 4553 | ||



